000 00397nam a22001697a 4500
003 macl
005 20160203143912.0
008 160203b xxu||||| |||| 00| 0 eng d
040 _cmacl
041 _aEnglish
082 _a070/MAT
100 _aMathur S.K.
_936654
245 _aHistory Of Journalism
260 _aAllahabad
_bTanmay Books
_c2012
650 _aMedia
_936655
942 _2ddc
_cBK
999 _c53088
_d53088